000 00749nam a2200241Ia 4500
003 OSt
005 20220923212256.0
006 a|||||r|||| 00| 0
007 ta
008 220922b |||||||| |||| 00| 0 hin d
024 _a151,958
037 _cTextual
040 _aARTS
_cARTS
_bhin
041 _2hin
_ahin
082 _aDelta2y7M73, 152L9
100 _aरामतीर्थ
_9156277
245 0 _aमानवता और विश्वप्रेम
246 _aMānavatā aur vishvaprema
260 _aदिल्ली
_b अरविंद प्रकाशन
_c1979
300 _a112 पृ.
_ccm.
942 _hDelta2y7M73, 152L9
_cTEXL
_2CC
999 _c307631
_d307631